000 00454cam a2200181ua 4500
020 _c16.00
041 _aeng
_h
082 _a305.5122
_bMAJ/CA
100 _aMajumdar, D.N .
245 _aCaste and communication in an Indian village /
_cD.N.Majumdar.
_hTextual Documents
250 _a1 /
_b.
260 _a :
_bAsia Publishing House ,
_c1962.
300 _a358 ; .
365 _a16.00
504 _a
942 _cBK
999 _c1816
_d1816